|
|
|
|
| LEADER |
01280nam a22002777a 4500 |
| 001 |
44641 |
| 003 |
BD-DhAAL |
| 005 |
20250828162123.0 |
| 008 |
250828t2003 bg ||||| |||| 00| 1 ben d |
| 020 |
|
|
|a 9844123119
|
| 040 |
|
|
|a BD-DhAAL
|c BD-DhAAL
|
| 041 |
|
|
|a ben
|
| 082 |
|
|
|a 891.44371
|2 23
|
| 100 |
|
|
|a হক, আনিসুল.
|
| 245 |
|
|
|a জামাই সেজে চোর ঢুকেছিল /
|c আনিসুল হক.
|
| 246 |
|
|
|a jamay seje chor dhukechilo
|
| 260 |
|
|
|a ঢাকা :
|b অনন্যা,
|c ২০০৩ [তৃতীয় মুদ্রণ].
|
| 300 |
|
|
|a ৭৯ পৃষ্ঠা ;
|c ২২ সে. মি.
|
| 500 |
|
|
|a প্রথম প্রকাশ
|
| 541 |
|
|
|a Donated by Farhana Zahir, Assistant Professor, BRAC Business School
|e 44641
|
| 650 |
|
|
|a Bengali fiction.
|
| 650 |
|
|
|a Bengali literature.
|
| 650 |
|
|
|a Bengali wit and humor.
|
| 942 |
|
|
|2 ddc
|c BK
|
| 999 |
|
|
|c 47424
|d 47424
|
| 952 |
|
|
|0 0
|1 0
|2 ddc
|4 0
|6 891_443710000000000_HOQ
|7 0
|9 78058
|a BRACUL
|b BRACUL
|c NEW
|d 2025-08-28
|e Donated by Farhana Zahir, Assistant Professor, BRAC Business School, BRAC University
|g 60.00
|l 1
|m 1
|o 891.44371 HOQ
|p 3010044641
|r 2026-05-06
|s 2026-04-29
|t 1
|v 120.00
|y BK
|x Donated by Farhana Zahir, Assistant Professor, BRAC Business School, BRAC University
|